Bernick michael (Record no. 5139)
[ view plain ]
| 000 -LEADER | |
|---|---|
| fixed length control field | 00394nam a2200145Ia 4500 |
| 008 - FIXED-LENGTH DATA ELEMENTS--GENERAL INFORMATION | |
| fixed length control field | 151015s9999 xx 000 0 und d |
| 020 ## - INTERNATIONAL STANDARD BOOK NUMBER | |
| International Standard Book Number | 70054754 |
| 050 ## - LIBRARY OF CONGRESS CALL NUMBER | |
| Classification number | HT 167.B48 1996 |
| 245 ## - TITLE STATEMENT | |
| Title | Bernick michael |
| 250 ## - EDITION STATEMENT | |
| Edition statement | _Transit villages inthe 21st century |
| 300 ## - PHYSICAL DESCRIPTION | |
| Extent | US McGraw-Hill 1996 |
| 500 ## - GENERAL NOTE | |
| General note | Includes index |
| 650 ## - SUBJECT ADDED ENTRY--TOPICAL TERM | |
| Topical term or geographic name as entry element | _city planning |
| 700 ## - ADDED ENTRY--PERSONAL NAME | |
| Personal name | ^d20130608 03:42:49^oanne |
No items available.